[Event "18. Int. Boeblinger Open"]
[Site "Boeblingen"]
[Date "2001.12.27"]
[Round "3"]
[White "Buhmann, Rainer"]
[Black "Kloepfer, Markus"]
[Result "1-0"]
[WhiteElo "2505"]
[BlackElo "2172"]
[PlyCount "97"]
[EventDate "2001.??.??"]

1. Nf3 Nf6 2. c4 g6 3. Nc3 Bg7 4. e4 d6 5. d4 O-O 6. Be2 e5 7. O-O Nc6 8. d5
Ne7 9. b4 a5 10. Ba3 Nd7 11. bxa5 Bh6 12. Ne1 f5 13. Nd3 Nf6 14. exf5 gxf5 15.
f4 e4 16. Ne1 Ng6 17. g3 Nd7 18. Nc2 Nc5 19. Nb5 Bg7 20. Qd2 Bxa1 21. Rxa1 h6
22. Rd1 Kh7 23. Ne3 Rg8 24. Kh1 Bd7 25. Bf1 Rc8 26. Nd4 Ne7 27. Nb3 Na6 28. c5
Nxc5 29. Nxc5 dxc5 30. Bxc5 Ng6 31. Rb1 Rb8 32. Qd4 Bc8 33. Bh3 Ra8 34. Bb4 b6
35. axb6 cxb6 36. a3 Ra7 37. Bxf5 Bxf5 38. Nxf5 Rf7 39. Nd6 Rd7 40. Nxe4 Rf7
41. Bc3 Ne7 42. d6 Nf5 43. Qd5 Rgf8 44. g4 Nh4 45. f5 h5 46. f6 Rxf6 47. Nxf6+
Rxf6 48. Qxh5+ Kg8 49. Qg5+ 1-0

[Event "18. Int. Boeblinger Open"]
[Site "Boeblingen"]
[Date "2001.12.27"]
[Round "3"]
[White "Haub, Thorsten-Michael"]
[Black "Stiller, Juergen"]
[Result "1-0"]
[WhiteElo "2376"]
[BlackElo "2165"]
[PlyCount "39"]
[EventDate "2001.??.??"]

1. Nf3 Nf6 2. g3 g6 3. Bg2 Bg7 4. O-O d6 5. d3 O-O 6. e4 c5 7. Nc3 Nc6 8. h3
Rb8 9. Be3 b5 10. Qd2 c4 11. Nd5 cxd3 12. cxd3 Bd7 13. Rac1 e6 14. Nb4 Nxb4 15.
Qxb4 Ne8 16. e5 a5 17. Qd2 dxe5 18. Bc5 f5 19. Bxf8 Kxf8 20. Rfe1 1-0

[Event "18. Int. Boeblinger Open"]
[Site "Boeblingen"]
[Date "2001.12.27"]
[Round "3"]
[White "Gheng, Josef"]
[Black "Kercher, Peter"]
[Result "1-0"]
[WhiteElo "2340"]
[BlackElo "2164"]
[PlyCount "59"]
[EventDate "2001.??.??"]

1. e4 c5 2. Nf3 d6 3. d4 cxd4 4. Qxd4 Nc6 5. Bb5 Bd7 6. Bxc6 Bxc6 7. Nc3 Nf6 8.
Bg5 e6 9. O-O-O Be7 10. Rhe1 Qa5 11. Bd2 Qc7 12. g4 O-O 13. g5 Nd7 14. h4 Ne5
15. Nh2 b5 16. f4 Nc4 17. Ng4 Nxd2 18. Rxd2 b4 19. Ne2 a5 20. f5 e5 21. Qg1 b3
22. a3 d5 23. exd5 Bxd5 24. Nf6+ Bxf6 25. gxf6 g6 26. Nc3 Rad8 27. Qg5 Kh8 28.
h5 Bf3 29. hxg6 fxg6 30. fxg6 1-0

[Event "18. Int. Boeblinger Open"]
[Site "Boeblingen"]
[Date "2001.12.27"]
[Round "3"]
[White "Messner, Harry"]
[Black "Ungerer, Markus"]
[Result "1/2-1/2"]
[WhiteElo "2197"]
[BlackElo "1897"]
[PlyCount "65"]
[EventDate "2001.??.??"]

1. d4 d5 2. c4 c6 3. Nf3 Nf6 4. Nc3 e6 5. e3 Be7 6. Bd3 O-O 7. O-O Nbd7 8. e4
dxe4 9. Nxe4 Nxe4 10. Bxe4 Qc7 11. Qe2 Rd8 12. Bc2 Nf8 13. Bd2 Bf6 14. Bc3 Bd7
15. b4 b6 16. Ne5 Bxe5 17. dxe5 c5 18. b5 Bc8 19. Qg4 Qe7 20. Rae1 Ng6 21. Re3
Qh4 22. Qf3 Rb8 23. Re4 Qe7 24. Qg3 h5 25. Re3 Nh4 26. Qf4 Ng6 27. Qg3 Nh4 28.
Qh3 Bb7 29. Be4 g6 30. f3 Qg5 31. Re2 Nf5 32. f4 Qg4 33. Qxg4 1/2-1/2

[Event "18. Int. Boeblinger Open"]
[Site "Boeblingen"]
[Date "2001.12.27"]
[Round "3"]
[White "Kuehlmeyer, Klaus"]
[Black "Riedel, Holger"]
[Result "0-1"]
[WhiteElo "1963"]
[BlackElo "2181"]
[PlyCount "50"]
[EventDate "2001.??.??"]

1. e4 c5 2. Nf3 d6 3. d4 cxd4 4. Nxd4 Nf6 5. Nc3 a6 6. Bg5 e6 7. f4 Qc7 8. Qf3
Nbd7 9. Bd3 b5 10. O-O-O Bb7 11. Rhe1 O-O-O 12. Kb1 Kb8 13. f5 e5 14. Nb3 Rc8
15. Rc1 Be7 16. Bxf6 Nxf6 17. Qf2 Bc6 18. Nd5 Nxd5 19. exd5 Bxd5 20. Be4 Bxe4
21. Rxe4 Bg5 22. Rd1 Rhe8 23. Rd5 Re7 24. c4 Qc6 25. Na5 Qxd5 0-1

[Event "18. Int. Boeblinger Open"]
[Site "Boeblingen"]
[Date "2001.12.27"]
[Round "3"]
[White "Buecherl, Konstantin"]
[Black "Hoeschele, Hans-Ulrich"]
[Result "0-1"]
[WhiteElo "1794"]
[BlackElo "2176"]
[PlyCount "40"]
[EventDate "2001.??.??"]

1. e4 d6 2. f4 c5 3. Nc3 Nc6 4. Nf3 g6 5. Be2 Bg7 6. O-O e6 7. d3 Nge7 8. Be3
b6 9. Qd2 O-O 10. Rad1 Bb7 11. g4 d5 12. exd5 Nxd5 13. Nxd5 Qxd5 14. c4 Qd7 15.
f5 exf5 16. gxf5 Qxf5 17. Bh6 Qg4+ 18. Kf2 Nd4 19. Rg1 Qf5 20. Rg5 Bxh6 0-1

[Event "18. Int. Boeblinger Open"]
[Site "Boeblingen"]
[Date "2001.12.27"]
[Round "3"]
[White "Fischer, Diana"]
[Black "Kalinitschew, Sergej"]
[Result "0-1"]
[WhiteElo "2126"]
[BlackElo "2487"]
[PlyCount "66"]
[EventDate "2001.??.??"]

1. e4 c5 2. Nf3 Nc6 3. d4 cxd4 4. Nxd4 e5 5. Nb5 d6 6. N1c3 a6 7. Na3 b5 8. Nd5
Nf6 9. Bg5 Be7 10. Bxf6 Bxf6 11. c3 Bg5 12. Nc2 O-O 13. h4 Bh6 14. g4 Bf4 15.
Qf3 Be6 16. Nxf4 exf4 17. Qxf4 Ne5 18. Ne3 a5 19. Be2 b4 20. cxb4 axb4 21. Nd5
Bxd5 22. exd5 Re8 23. Kf1 Qa5 24. Qd4 Rac8 25. f4 Nd7 26. Bc4 Nf6 27. b3 Re4
28. Qd2 Rce8 29. Rg1 Qc5 30. Rg3 Rxc4 31. bxc4 Ne4 32. Qg2 Qxc4+ 33. Qe2 Nxg3+
0-1

[Event "18. Int. Boeblinger Open"]
[Site "Boeblingen"]
[Date "2001.12.27"]
[Round "3"]
[White "Feger, Andreas"]
[Black "Fahnenschmidt, Gerhard"]
[Result "1-0"]
[WhiteElo "2044"]
[BlackElo "2281"]
[PlyCount "120"]
[EventDate "2001.??.??"]

1. d4 Nf6 2. c4 e6 3. Nf3 b6 4. Nc3 Bb4 5. Qc2 Bb7 6. e3 c5 7. a3 Bxc3+ 8. Qxc3
Ne4 9. Qc2 O-O 10. Bd3 f5 11. O-O Rf6 12. b4 d6 13. Bb2 Rh6 14. d5 exd5 15.
cxd5 Bxd5 16. Bc4 Bxc4 17. Qxc4+ d5 18. Rad1 Rd6 19. Qc2 Nc6 20. b5 Na5 21. Ne5
Qh4 22. f3 Rh6 23. fxe4 Qxh2+ 24. Kf2 fxe4 25. Ke1 Qh4+ 26. Qf2 Qxf2+ 27. Rxf2
Rd8 28. Ke2 Re6 29. Rf4 Rdd6 30. Rdf1 Re8 31. Rf7 d4 32. a4 h6 33. exd4 cxd4
34. Ba3 Rde6 35. Rf8+ Kh7 36. Rxe8 Rxe8 37. Bd6 Rc8 38. Rf4 d3+ 39. Nxd3 Rc2+
40. Ke3 exd3 41. Kxd3 Rxg2 42. Rf7 Rg1 43. Be5 Nb3 44. Rxa7 Nc5+ 45. Ke3 Re1+
46. Kd4 Re4+ 47. Kd5 Rg4 48. a5 Nd3 49. Bxg7 Nb4+ 50. Kd6 Rg6+ 51. Bf6+ Kg8 52.
Ke6 Rg4 53. Ra8+ Kh7 54. Rh8+ Kg6 55. Rg8+ Kh5 56. Rxg4 Kxg4 57. a6 Nd3 58. a7
Nc5+ 59. Kf7 Kf4 60. a8=Q Ke3 1-0

[Event "18. Int. Boeblinger Open"]
[Site "Boeblingen"]
[Date "2001.12.28"]
[Round "4"]
[White "Horvath, Joszef"]
[Black "Schaefer, Michael"]
[Result "1-0"]
[WhiteElo "2551"]
[BlackElo "2234"]
[PlyCount "43"]
[EventDate "2001.12.??"]

1. Nf3 Nf6 2. c4 c5 3. Nc3 e6 4. e4 d6 5. d4 cxd4 6. Nxd4 a6 7. Be2 Qc7 8. O-O
b6 9. Be3 Bb7 10. f3 Nbd7 11. a4 Be7 12. a5 bxa5 13. Nb3 O-O 14. Nxa5 Rfb8 15.
Qd2 Bc8 16. Rfc1 Nc5 17. b4 Rxb4 18. Nb5 axb5 19. Qxb4 bxc4 20. Nxc4 Rb8 21.
Qa5 Qb7 22. Nxd6 1-0

[Event "18. Int. Boeblinger Open"]
[Site "Boeblingen"]
[Date "2001.12.28"]
[Round "4"]
[White "Schneider, Heiko"]
[Black "Farago, Ivan"]
[Result "0-1"]
[WhiteElo "2229"]
[BlackElo "2527"]
[PlyCount "66"]
[EventDate "2001.12.??"]

1. e4 e6 2. d4 d5 3. Nd2 Nf6 4. e5 Nfd7 5. c3 c5 6. f4 Nc6 7. Ndf3 Qb6 8. g3 f5
9. Ne2 Be7 10. h3 O-O 11. Kf2 cxd4 12. cxd4 Qd8 13. Bd2 Nb6 14. b3 Bd7 15. g4
Be8 16. Ng3 Rc8 17. Rc1 Na8 18. Rh2 Nc7 19. Kg1 Qd7 20. Qe1 a6 21. Bd3 Bg6 22.
Be3 fxg4 23. Bxg6 gxf3 24. Bb1 Bh4 25. Qf2 Nb5 26. Rxc6 Rxc6 27. Qxf3 Nxd4 28.
Qh5 g6 29. Bxg6 hxg6 30. Qxg6+ Qg7 31. Qxg7+ Kxg7 32. Rg2 Nf3+ 33. Kf2 Nxe5 0-1

[Event "18. Int. Boeblinger Open"]
[Site "Boeblingen"]
[Date "2001.12.28"]
[Round "4"]
[White "Peschel, Andreas"]
[Black "Buhmann, Rainer"]
[Result "0-1"]
[WhiteElo "2202"]
[BlackElo "2505"]
[PlyCount "66"]
[EventDate "2001.12.??"]

1. d4 e6 2. Nf3 Nf6 3. e3 b6 4. Bd3 Bb7 5. O-O d5 6. b3 Bd6 7. Bb2 O-O 8. Nbd2
Nbd7 9. Ne5 Ne4 10. f4 f6 11. Nxd7 Qxd7 12. Nxe4 dxe4 13. Bc4 b5 14. Be2 b4 15.
Qd2 Bd5 16. c4 bxc3 17. Bxc3 Rab8 18. b4 g5 19. g3 gxf4 20. gxf4 Kh8 21. Kh1
Rg8 22. b5 Qg7 23. Rg1 Qh6 24. Bf1 Rxg1+ 25. Kxg1 Rg8+ 26. Kh1 Bxf4 27. Re1 Rg3
28. Qf2 Rxe3 29. Rxe3 Bxe3 30. Qc2 Bf4 31. Kg1 f5 32. a4 e3 33. Bb4 Bg3 0-1

[Event "18. Int. Boeblinger Open"]
[Site "Boeblingen"]
[Date "2001.12.28"]
[Round "4"]
[White "Kampmann, Lutz"]
[Black "Schenk, Andreas"]
[Result "0-1"]
[WhiteElo "2199"]
[BlackElo "2443"]
[PlyCount "40"]
[EventDate "2001.12.??"]

1. d4 Nf6 2. c4 e6 3. Nc3 Bb4 4. Qc2 O-O 5. Bg5 c5 6. dxc5 h6 7. Bf4 Bxc5 8. a3
d5 9. Nb5 e5 10. Bxe5 Bxf2+ 11. Kxf2 Ng4+ 12. Ke1 Nxe5 13. cxd5 Na6 14. Nc3 Re8
15. e4 f5 16. Bb5 Bd7 17. Bxd7 Qxd7 18. Nge2 fxe4 19. b4 Nd3+ 20. Kd2 e3+ 0-1

[Event "18. Int. Boeblinger Open"]
[Site "Boeblingen"]
[Date "2001.12.28"]
[Round "4"]
[White "Joachim, Sven"]
[Black "Braeunlin, Klaus"]
[Result "1/2-1/2"]
[WhiteElo "2442"]
[BlackElo "2052"]
[PlyCount "62"]
[EventDate "2001.12.??"]

1. e4 d6 2. Nc3 e5 3. f4 Nf6 4. Nf3 Nc6 5. Bb5 Bd7 6. d3 h6 7. Bxc6 bxc6 8.
fxe5 Nh7 9. O-O Bg4 10. Qe1 Bxf3 11. Rxf3 dxe5 12. Qg3 Qe7 13. Be3 Ng5 14. Rf5
f6 15. d4 exd4 16. Bxd4 Qb4 17. Rd1 Bd6 18. e5 fxe5 19. Bxe5 O-O-O 20. Bxd6
Rxd6 21. Rxd6 cxd6 22. Qe3 Qb6 23. Qxb6 axb6 24. h4 Ne6 25. Rf7 Rf8 26. Re7 Nd4
27. Rxg7 Nf5 28. Rh7 d5 29. Na4 b5 30. Nb6+ Kd8 31. c3 Rg8 1/2-1/2

[Event "18. Int. Boeblinger Open"]
[Site "Boeblingen"]
[Date "2001.12.28"]
[Round "4"]
[White "Riedel, Holger"]
[Black "Haub, Thorsten-Michael"]
[Result "0-1"]
[WhiteElo "2181"]
[BlackElo "2376"]
[PlyCount "90"]
[EventDate "2001.12.??"]

1. d4 e6 2. Nf3 f5 3. Nc3 Nf6 4. Bg5 Be7 5. Bxf6 Bxf6 6. e4 O-O 7. exf5 exf5 8.
Bc4+ Kh8 9. O-O c6 10. Re1 d5 11. Bb3 f4 12. h3 Bf5 13. Ne2 Qd6 14. Nc1 Nd7 15.
Nd3 Be4 16. c3 Rad8 17. Bc2 b6 18. Nh2 c5 19. dxc5 bxc5 20. Qd2 Bg5 21. f3 Bf5
22. Ng4 Bxg4 23. hxg4 Bh4 24. Re2 Nb6 25. Nf2 Nc4 26. Qd3 Bxf2+ 27. Kxf2 Qh6
28. Kg1 Ne3 29. Qb5 c4 30. Qc5 a6 31. b4 Qh4 32. a4 Qg3 33. b5 axb5 34. axb5
Rde8 35. b6 Nxg2 36. Rxg2 Re1+ 37. Rxe1 Qxe1+ 38. Kh2 Qh4+ 39. Kg1 Qe1+ 40. Kh2
Qh4+ 41. Kg1 Re8 42. Re2 Qg3+ 43. Kh1 Qxf3+ 44. Rg2 Qh3+ 45. Kg1 f3 0-1

[Event "18. Int. Boeblinger Open"]
[Site "Boeblingen"]
[Date "2001.12.28"]
[Round "4"]
[White "Schafranietz, Sebastian"]
[Black "Haecker, Alexander"]
[Result "1/2-1/2"]
[WhiteElo "2234"]
[BlackElo "1975"]
[PlyCount "72"]
[EventDate "2001.12.??"]

1. e4 e6 2. d4 d5 3. Nd2 Nf6 4. Bd3 c5 5. dxc5 Bxc5 6. exd5 exd5 7. Nb3 Bb6 8.
Nf3 O-O 9. O-O Nc6 10. c3 Bg4 11. Re1 Qd6 12. Be3 Ne5 13. Bf4 Bxf2+ 14. Kf1
Bxe1 15. Bxe5 Bxf3 16. Qxe1 Qe6 17. Nd4 Bxg2+ 18. Kxg2 Qb6 19. Bxf6 Qxf6 20.
Qg3 Rfe8 21. Rf1 Qe5 22. Rf5 Qxg3+ 23. hxg3 Rad8 24. Bc2 g6 25. Rf2 Kg7 26. Bb3
a6 27. Nc2 Rd6 28. Rd2 Red8 29. Rd4 Kf6 30. Nb4 Ke6 31. Nd3 b6 32. Nf4+ Ke5 33.
Nd3+ Ke6 34. Re4+ Kf6 35. Rf4+ Ke7 36. Rd4 Ke6 1/2-1/2

[Event "18. Int. Boeblinger Open"]
[Site "Boeblingen"]
[Date "2001.12.28"]
[Round "4"]
[White "Jaracz, Pawel"]
[Black "Meingast, Matthias"]
[Result "1-0"]
[WhiteElo "2525"]
[BlackElo "2145"]
[PlyCount "73"]
[EventDate "2001.12.??"]

1. e4 c5 2. Nf3 Nc6 3. Bb5 g6 4. Bxc6 bxc6 5. O-O Bg7 6. c3 Ba6 7. d3 e6 8. Re1
Ne7 9. Bf4 d6 10. d4 cxd4 11. cxd4 O-O 12. Nc3 Re8 13. Qa4 Bc8 14. Qa3 d5 15.
e5 Nf5 16. Bg5 Bf8 17. Qxf8+ Kxf8 18. Bxd8 Rxd8 19. Na4 Rb8 20. b3 Rb4 21. Red1
Ba6 22. Rd2 Bc8 23. Rc1 Ne7 24. Rc3 Bd7 25. Nc5 h6 26. h4 Kg7 27. g3 Rb6 28.
Nh2 Be8 29. Ng4 Ng8 30. Rf3 Rb5 31. Nf6 Nxf6 32. exf6+ Kf8 33. Re3 Rxc5 34.
dxc5 Bd7 35. Rd4 Rb8 36. Ra4 Rb7 37. f4 1-0

[Event "18. Int. Boeblinger Open"]
[Site "Boeblingen"]
[Date "2001.12.28"]
[Round "4"]
[White "Kalinitschew, Sergej"]
[Black "Bravo Lutz, Sebastian"]
[Result "1-0"]
[WhiteElo "2487"]
[BlackElo "2166"]
[PlyCount "61"]
[EventDate "2001.12.??"]

1. d4 d5 2. c4 e6 3. Nc3 f5 4. Bf4 c6 5. e3 Nf6 6. Nf3 Bd6 7. Bd3 O-O 8. O-O
Ne4 9. Bxd6 Qxd6 10. Ne5 Nd7 11. Bxe4 fxe4 12. f4 Qb4 13. a3 Qe7 14. Qb3 Nf6
15. Rac1 Kh8 16. Rf2 Ne8 17. Ne2 Nd6 18. Ng3 g6 19. Qb4 Kg7 20. a4 Rd8 21. a5
Qe8 22. a6 bxa6 23. cxd5 cxd5 24. Rc7+ Kg8 25. Rfc2 Qb5 26. Qe1 Bb7 27. Nh5 Ne8
28. Qg3 Nxc7 29. Rxc7 Qxb2 30. Nf6+ Kh8 31. Rxh7# 1-0

[Event "18. Int. Boeblinger Open"]
[Site "Boeblingen"]
[Date "2001.12.28"]
[Round "4"]
[White "Gasthofer, Viktor"]
[Black "Schmied, Andreas"]
[Result "1-0"]
[WhiteElo "2342"]
[BlackElo "2142"]
[PlyCount "55"]
[EventDate "2001.12.??"]

1. d4 Nf6 2. c4 e6 3. Nf3 Bb4+ 4. Bd2 Qe7 5. Nc3 O-O 6. g3 Bxc3 7. Bxc3 Ne4 8.
Rc1 Nxc3 9. Rxc3 d6 10. Bg2 Nd7 11. O-O e5 12. Qc2 Kh8 13. c5 c6 14. cxd6 Qxd6
15. Rd1 exd4 16. Nxd4 Qe5 17. f4 Qa5 18. e4 Nf6 19. h3 Ne8 20. Kh2 Nc7 21. a3
Ne6 22. Nf5 Qc7 23. Nd6 f6 24. b4 a6 25. Rcd3 h5 26. f5 h4 27. fxe6 Bxe6 28.
Qe2 1-0

[Event "18. Int. Boeblinger Open"]
[Site "Boeblingen"]
[Date "2001.12.28"]
[Round "4"]
[White "Becking, Stephan"]
[Black "Schuster, Gerhard"]
[Result "1-0"]
[WhiteElo "2302"]
[BlackElo "2140"]
[PlyCount "71"]
[EventDate "2001.12.??"]

1. Nf3 d5 2. g3 Nf6 3. Bg2 c6 4. O-O Bg4 5. h3 Bf5 6. d3 e6 7. Nh4 Bd6 8. Qe1
Nbd7 9. e4 Bg6 10. f4 h6 11. Nxg6 fxg6 12. c3 dxe4 13. dxe4 e5 14. Be3 Qe7 15.
Nd2 O-O 16. b4 b5 17. a4 a6 18. Rd1 c5 19. axb5 axb5 20. c4 cxb4 21. cxb5 Bc5
22. Nc4 Rfb8 23. Kh2 Rxb5 24. fxe5 Nxe5 25. Nxe5 Qxe5 26. Bf4 Qb2 27. Rd2 Qc3
28. e5 Re8 29. Qe2 Ra5 30. Rc2 Qa3 31. Qc4+ Kh7 32. exf6 b3 33. Rd2 b2 34. Qf7
Rg8 35. Be4 Qa1 36. Qxg6+ 1-0

[Event "18. Int. Boeblinger Open"]
[Site "Boeblingen"]
[Date "2001.12.28"]
[Round "4"]
[White "Werner, Claus"]
[Black "Hankel, Dennis"]
[Result "1-0"]
[WhiteElo "2208"]
[BlackElo "2072"]
[PlyCount "45"]
[EventDate "2001.12.??"]

1. e4 c5 2. Nf3 d6 3. Bb5+ Nd7 4. O-O Ngf6 5. Re1 a6 6. Bxd7+ Bxd7 7. e5 dxe5
8. Nxe5 e6 9. d3 Bd6 10. Nd2 b5 11. a4 O-O 12. axb5 axb5 13. Rxa8 Qxa8 14. Nxd7
Nxd7 15. Ne4 Be7 16. Qf3 Qd5 17. Qg3 Kh8 18. Bf4 f6 19. Bd6 Bxd6 20. Qxd6 Rb8
21. Qe7 Ra8 22. Nd6 Nf8 23. Ne8 1-0

[Event "18. Int. Boeblinger Open"]
[Site "Boeblingen"]
[Date "2001.12.28"]
[Round "4"]
[White "Kalinichev, Andrey"]
[Black "Ottmann, Martin"]
[Result "1-0"]
[WhiteElo "2245"]
[BlackElo "2035"]
[PlyCount "51"]
[EventDate "2001.12.??"]

1. d4 d5 2. Bg5 Nf6 3. e3 Ne4 4. Bf4 e6 5. Nd2 f5 6. Nxe4 fxe4 7. Qh5+ g6 8.
Qe5 Rg8 9. Qxc7 Qxc7 10. Bxc7 Bd7 11. c3 b5 12. f3 b4 13. c4 Nc6 14. fxe4 dxe4
15. Nh3 e5 16. d5 Bxh3 17. dxc6 Be6 18. Bxe5 Rc8 19. c7 Bh6 20. Bd4 Rxc7 21. b3
a5 22. Be2 Rf7 23. Rf1 Rd7 24. Rf6 Rd6 25. c5 Rxd4 26. Rxe6+ 1-0

[Event "18. Int. Boeblinger Open"]
[Site "Boeblingen"]
[Date "2001.12.28"]
[Round "5"]
[White "Schenk, Andreas"]
[Black "Horvath, Joszef"]
[Result "1/2-1/2"]
[WhiteElo "2443"]
[BlackElo "2551"]
[PlyCount "30"]
[EventDate "2001.12.??"]

1. d4 e6 2. c4 b6 3. Nf3 Nf6 4. Nc3 Bb7 5. a3 d5 6. cxd5 Nxd5 7. e3 g6 8. Bb5+
c6 9. Bd3 Nxc3 10. bxc3 Bg7 11. O-O O-O 12. a4 c5 13. Rb1 Qc7 14. Ba3 Nd7 15.
e4 Rfd8 1/2-1/2

[Event "18. Int. Boeblinger Open"]
[Site "Boeblingen"]
[Date "2001.12.28"]
[Round "5"]
[White "Farago, Ivan"]
[Black "Hoeschele, Hans-Ulrich"]
[Result "1-0"]
[WhiteElo "2527"]
[BlackElo "2176"]
[PlyCount "95"]
[EventDate "2001.12.??"]

1. d4 Nf6 2. c4 e6 3. Nf3 b6 4. a3 Bb7 5. Nc3 Bxf3 6. gxf3 d5 7. e4 dxc4 8.
Bxc4 c6 9. Be3 Be7 10. f4 Nbd7 11. Qf3 b5 12. Bb3 Nb6 13. O-O Qd7 14. Rac1 O-O
15. Ne2 Rac8 16. Rc2 Ne8 17. Nc1 Nd6 18. Nd3 Ndc4 19. Ne5 Qb7 20. Rfc1 c5 21.
Bxc4 bxc4 22. Nxc4 Nxc4 23. Rxc4 Qxb2 24. a4 Rfd8 25. dxc5 Rc6 26. e5 Rd5 27.
Rd1 Rxd1+ 28. Qxd1 Qb7 29. Rd4 g6 30. Rd7 Rc7 31. Rxe7 Rxe7 32. Qd8+ Kg7 33. c6
Qc7 34. Qd6 f6 35. Bc5 Rf7 36. Qxe6 fxe5 37. Bd6 Qd8 38. c7 Rxc7 39. Qxe5+ Kg8
40. Bxc7 Qd1+ 41. Kg2 Qg4+ 42. Kf1 Qd1+ 43. Qe1 Qxa4 44. Qe6+ Kf8 45. Bd6+ Kg7
46. Be5+ Kf8 47. Qf6+ Ke8 48. Qh8+ 1-0

[Event "18. Int. Boeblinger Open"]
[Site "Boeblingen"]
[Date "2001.12.28"]
[Round "5"]
[White "Buhmann, Rainer"]
[Black "Gritsch, Christoph"]
[Result "1-0"]
[WhiteElo "2505"]
[BlackElo "2127"]
[PlyCount "57"]
[EventDate "2001.12.??"]

1. Nf3 Nf6 2. c4 c6 3. d4 d5 4. e3 Bg4 5. Nbd2 e6 6. Be2 Nbd7 7. h3 Bh5 8. O-O
Bd6 9. b3 O-O 10. Bb2 Qe7 11. Ne5 Bxe2 12. Qxe2 Ba3 13. Bxa3 Qxa3 14. Nd3 Qe7
15. e4 dxe4 16. Nxe4 Rad8 17. Rad1 Rfe8 18. Rfe1 h6 19. Ng3 Qa3 20. Rd2 a5 21.
Red1 c5 22. Ne5 Rb8 23. Nh5 cxd4 24. Nxd7 Nxd7 25. Rxd4 Nf8 26. Qe5 f6 27. Qg3
Qe7 28. Rd7 Rbd8 29. Rxd8 1-0

[Event "18. Int. Boeblinger Open"]
[Site "Boeblingen"]
[Date "2001.12.28"]
[Round "5"]
[White "Haub, Thorsten-Michael"]
[Black "Jaracz, Pawel"]
[Result "0-1"]
[WhiteElo "2376"]
[BlackElo "2525"]
[PlyCount "78"]
[EventDate "2001.12.??"]

1. Nf3 Nc6 2. g3 e5 3. d3 d5 4. c3 Nf6 5. Bg2 Be6 6. O-O Qd7 7. b4 Bd6 8. Qc2
O-O 9. Nbd2 h6 10. a3 Ne7 11. e4 dxe4 12. dxe4 a5 13. Bb2 Ng6 14. Rfd1 Qc6 15.
Qd3 b5 16. Bf1 Rfb8 17. Ne1 Qb6 18. Nc2 Ng4 19. Qe2 axb4 20. cxb4 c5 21. h3 Nf6
22. bxc5 Bxc5 23. Rdb1 h5 24. Kg2 h4 25. Bc1 Qc7 26. Ne3 Qd7 27. Nf5 Bd4 28.
Bb2 hxg3 29. fxg3 Nxe4 30. Nxd4 Nxd2 31. Qxd2 Bxh3+ 32. Kh2 Bxf1 33. Rxf1 Rd8
34. Qg5 exd4 35. Rad1 Qe6 36. Bxd4 Rd5 37. Qe3 Rad8 38. Qf2 Qd7 39. Rd2 Ne5 0-1

[Event "18. Int. Boeblinger Open"]
[Site "Boeblingen"]
[Date "2001.12.28"]
[Round "5"]
[White "Schafranietz, Sebastian"]
[Black "Kalinitschew, Sergej"]
[Result "1/2-1/2"]
[WhiteElo "2234"]
[BlackElo "2487"]
[PlyCount "82"]
[EventDate "2001.12.??"]

1. e4 c5 2. c3 d5 3. exd5 Qxd5 4. d4 g6 5. Nf3 Bg7 6. Be3 cxd4 7. cxd4 Nf6 8.
Nc3 Qa5 9. Bc4 O-O 10. O-O Bg4 11. h3 Bxf3 12. Qxf3 Nc6 13. Rfd1 Rad8 14. Bb3
Ne8 15. d5 Ne5 16. Qe2 Nd6 17. Bd4 f6 18. Ne4 Rc8 19. Rac1 Kh8 20. Rc5 Qb4 21.
Nxd6 Rxc5 22. Bxc5 Qxc5 23. Ne4 Qc7 24. Rd2 b6 25. Rc2 Qd7 26. Qa6 Bh6 27. Qa4
Qxa4 28. Bxa4 f5 29. d6 exd6 30. Nxd6 Rd8 31. Rc8 Rxc8 32. Nxc8 Nd3 33. Nxa7
Nxb2 34. Bb5 Bf8 35. Kf1 Nd1 36. Ke1 Nc3 37. Bc4 Bb4 38. Nc6 Bc5 39. f3 Be3 40.
Nb4 Kg7 41. Nd5 Nxd5 1/2-1/2

[Event "18. Int. Boeblinger Open"]
[Site "Boeblingen"]
[Date "2001.12.28"]
[Round "5"]
[White "Wohlfart, Paulus"]
[Black "Joachim, Sven"]
[Result "0-1"]
[WhiteElo "2210"]
[BlackElo "2442"]
[PlyCount "44"]
[EventDate "2001.12.??"]

1. e4 c5 2. Nf3 Nc6 3. d4 cxd4 4. Nxd4 Nf6 5. Nc3 d6 6. f3 e5 7. Nb3 Be7 8. Be3
O-O 9. g4 Ne8 10. Qd2 Bh4+ 11. Bf2 a5 12. Bxh4 Qxh4+ 13. Qf2 Qd8 14. Na4 Be6
15. O-O-O Nc7 16. Nb6 a4 17. Nd2 Bxa2 18. Nxa8 Qxa8 19. Bc4 Bxc4 20. Nxc4 b5
21. Nb6 Qa5 22. Rxd6 a3 0-1

[Event "18. Int. Boeblinger Open"]
[Site "Boeblingen"]
[Date "2001.12.28"]
[Round "5"]
[White "Haecker, Alexander"]
[Black "Becking, Stephan"]
[Result "0-1"]
[WhiteElo "1975"]
[BlackElo "2302"]
[PlyCount "50"]
[EventDate "2001.12.??"]

1. e4 e6 2. d4 d5 3. exd5 Qxd5 4. Nf3 Nf6 5. Bd3 Be7 6. O-O O-O 7. Bg5 b6 8.
Nbd2 c6 9. Qe2 Bb7 10. Ne4 Qd8 11. Nxf6+ Bxf6 12. Qe4 g6 13. Qh4 Nd7 14. Rfe1
h5 15. Bxf6 Qxf6 16. Qe4 Rab8 17. Ne5 Rfd8 18. Nxd7 Rxd7 19. Qe5 Qd8 20. Re4 c5
21. Rf4 Rd5 22. Qe3 Rxd4 23. Re1 Qg5 24. Be4 e5 25. Rf3 Rxe4 0-1

[Event "18. Int. Boeblinger Open"]
[Site "Boeblingen"]
[Date "2001.12.28"]
[Round "5"]
[White "Kabisch, Thilo"]
[Black "Werner, Claus"]
[Result "0-1"]
[WhiteElo "2290"]
[BlackElo "2208"]
[PlyCount "60"]
[EventDate "2001.12.??"]

1. e4 c5 2. Nf3 d6 3. d4 cxd4 4. Nxd4 Nf6 5. Nc3 Nc6 6. Bg5 e6 7. Qd2 Be7 8.
O-O-O O-O 9. f4 Nxd4 10. Qxd4 Qa5 11. Bd3 Rd8 12. Rhe1 h6 13. Bh4 Bd7 14. e5
dxe5 15. fxe5 Bc6 16. Qf4 Nd5 17. Nxd5 Bxh4 18. Qxh4 Bxd5 19. a3 Rac8 20. Re3
Bb3 21. Qe4 Qc5 22. Rf1 Rxd3 23. Qxd3 Bc4 24. Qe4 Bxf1 25. Rc3 Qf8 26. Rf3 Bxg2
27. Qxb7 Bxf3 28. Qxf3 Qc5 29. Qe2 Rd8 30. c4 Rd4 0-1

[Event "18. Int. Boeblinger Open"]
[Site "Boeblingen"]
[Date "2001.12.28"]
[Round "5"]
[White "Gheng, Josef"]
[Black "Holzinger, Eugen"]
[Result "1-0"]
[WhiteElo "2340"]
[BlackElo "2161"]
[PlyCount "85"]
[EventDate "2001.12.??"]

1. e4 g6 2. d4 Bg7 3. Nc3 d6 4. Be3 Nf6 5. Be2 c6 6. Qd2 Ng4 7. Bxg4 Bxg4 8. f3
Bd7 9. Bh6 Bf6 10. O-O-O Qa5 11. Kb1 Rg8 12. Nd5 Qxd2 13. Nxf6+ exf6 14. Bxd2
Na6 15. Bf4 Ke7 16. Ne2 h5 17. e5 fxe5 18. dxe5 d5 19. Bg5+ Ke8 20. Rhe1 Nc7
21. h4 Rc8 22. Rd2 b5 23. Red1 Be6 24. Nc3 Kd7 25. Ne4 Ne8 26. Nc5+ Kc7 27. Rd3
a5 28. Ra3 Ra8 29. b4 a4 30. Rd4 Ra7 31. Rc3 Kc8 32. a3 Nc7 33. Rf4 Re8 34. g4
hxg4 35. fxg4 f5 36. exf6 Bf7 37. Rd4 Re1+ 38. Kb2 Ne8 39. Nd3 Re6 40. Rxd5
Rxf6 41. Rxb5 Rd6 42. Bf4 Kd7 43. Rb8 1-0

[Event "18. Int. Boeblinger Open"]
[Site "Boeblingen"]
[Date "2001.12.28"]
[Round "5"]
[White "Messner, Harry"]
[Black "Wippermann, Till"]
[Result "0-1"]
[WhiteElo "2197"]
[BlackElo "2321"]
[PlyCount "49"]
[EventDate "2001.12.??"]

1. d4 g6 2. c4 Bg7 3. Nc3 c5 4. d5 Bxc3+ 5. bxc3 f5 6. g3 Qa5 7. Qc2 d6 8. Nf3
Nf6 9. Bh6 Nbd7 10. Bg2 Nb6 11. Bg7 Rg8 12. Bxf6 exf6 13. Nd2 Bd7 14. O-O Qa4
15. Qb3 O-O-O 16. e4 Kc7 17. Rae1 Rde8 18. Re3 fxe4 19. Bxe4 Re7 20. Rfe1 Rge8
21. Kg2 Qa6 22. Kf3 Ba4 23. Qb1 Nxc4 24. Nxc4 Qxc4 25. Bd3 0-1

[Event "18. Int. Boeblinger Open"]
[Site "Boeblingen"]
[Date "2001.12.28"]
[Round "5"]
[White "Schaaf, Rene"]
[Black "Kniest, Oliver"]
[Result "1/2-1/2"]
[WhiteElo "2176"]
[BlackElo "2312"]
[PlyCount "32"]
[EventDate "2001.12.??"]

1. d4 e6 2. c4 b6 3. Nc3 Bb7 4. Nh3 d5 5. f3 Nf6 6. Bg5 Be7 7. e3 O-O 8. Qc2
Nbd7 9. Bd3 dxc4 10. Bxc4 Nd5 11. Bxe7 Qxe7 12. Qf2 Qb4 13. Bxd5 exd5 14. O-O
Nf6 15. Rfe1 Rfe8 16. Qd2 Qd6 1/2-1/2